00365pab a2200121 454500008004000000100002800040245006800068260000900136300001100145650002500156700003000181773003200211180718b1990 xxu||||| |||| 00| 0 eng d aMoura Castro, Claudiode aSupply and demand mismatches in trainingbCan anything be done? c1990 a349-69 aVocational Education aAntonio Cabral De Andrade ainternational Labour Review